| Tag |
First Indicator |
Second Indicator |
Subfields |
| LEADER |
00000cam a2200000 i 4500 |
| 001 |
in00000061716 |
| 005 |
20151008050603.0 |
| 008 |
770413s1948 miuabc b 00000 eng d |
| 020 |
|
|
|c $2.00
|
| 035 |
|
|
|a (OCoLC)02885869
|
| 035 |
|
|
|9 AAG1974AM
|
| 040 |
|
|
|a IQU
|c IQU
|d TXA
|d UtOrBLW
|
| 049 |
|
|
|a TXAM
|c [203737]
|
| 090 |
|
|
|a HD211.N6
|b L42
|
| 092 |
|
|
|a 336.13
|b L581r
|
| 100 |
1 |
|
|a Leonard, Olen Earl.
|
| 245 |
1 |
4 |
|a The role of the land grant in the social organization and social processes of a Spanish-American village in New Mexico.
|
| 264 |
|
3 |
|a Ann Arbor, Mich. :
|b Lithoprinted by Edwards Brothers, Inc.,
|c 1948.
|
| 300 |
|
|
|a 154 pages :
|b illustrations, map, portraits ;
|c 23 cm.
|
| 336 |
|
|
|a text
|b txt
|2 rdacontent
|
| 337 |
|
|
|a unmediated
|b n
|2 rdamedia
|
| 338 |
|
|
|a volume
|b nc
|2 rdacarrier
|
| 504 |
|
|
|a Bibliography: pages 151-154.
|
| 650 |
|
0 |
|a Land grants
|z New Mexico.
|
| 651 |
|
0 |
|a El Cerrito (N.M.)
|x Social conditions.
|
| 999 |
|
|
|a MARS
|
| 999 |
f |
f |
|s 1f7f416e-add3-3281-9450-29eb1a8a5eba
|i 67029b0b-44f4-395a-a897-b6a877b2a130
|t 0
|
| 952 |
f |
f |
|p ric
|a Texas A&M University
|b Rellis Campus
|c Joint Library Facility
|d Remote Storage
|t 0
|e HD211.N6 L42
|h Library of Congress classification
|i unmediated -- volume
|m A14800747918
|
| 998 |
f |
f |
|a HD211.N6 L42
|t 0
|l Remote Storage
|